Every Song by Pulp - Statistics

General Stats
  • This quiz has been taken 232 times
  • The average score is 56 of 138
Answer Stats
Album Song % Correct
Different Class(1995) Common People
92%
Different Class(1995) Disco 2000
92%
This Is Hardcore(1998) This Is Hardcore
88%
His 'n' Hers(1994) Babies
86%
His 'n' Hers(1994) Do You Remember the First Time?
80%
Different Class(1995) Bar Italia
77%
Different Class(1995) Mis-Shapes
77%
His 'n' Hers(1994) Lipgloss
75%
Different Class(1995) I Spy
74%
Different Class(1995) Underwear
73%
Different Class(1995) Pencil Skirt
69%
His 'n' Hers(1994) Pink Glove
69%
Different Class(1995) F.E.E.L.I.N.G.C.A.L.L.E.D.L.O.V.E
68%
The Sisters(1994) His 'n' Hers
68%
This Is Hardcore(1998) Help the Aged
65%
Different Class(1995) Monday Morning
65%
Intro – The Gift Recordings(1993) Razzmatazz
65%
Different Class(1995) Something Changed
65%
This Is Hardcore(1998) The Fear
65%
His 'n' Hers(1994) Acrylic Afternoons
64%
His 'n' Hers(1994) David's Last Summer
63%
Different Class(1995) Sorted for E's & Wizz
62%
Different Class(1995) Live Bed Show
61%
We Love Life(2001) The Trees
61%
We Love Life(2001) Weeds
59%
His 'n' Hers(1994) Joyriders
57%
Different Class(Bonus)(2006) Mile End
55%
This Is Hardcore(1998) Sylvia
55%
This Is Hardcore(Bonus)(1998) Like a Friend
54%
This Is Hardcore(1998) Dishes
53%
His 'n' Hers(1994) Have You Seen Her Lately?
53%
It(1983) My Lighthouse
53%
This Is Hardcore(1998) Party Hard
53%
The Sisters(1994) Seconds
53%
His 'n' Hers(1994) Someone Like the Moon
53%
We Love Life(2001) Sunrise
53%
Different Class(Bonus)(1995) P.T.A. (Parent Teacher Association)
52%
The Sisters(1994) Your Sister's Clothes
52%
This Is Hardcore(1998) A Little Soul
51%
Freaks(1987) I Want You
50%
His 'n' Hers(1994) She's a Lady
50%
Separations(1992) My Legendary Girlfriend
49%
We Love Life(2001) Bad Cover Version
48%
This Is Hardcore(Bonus)(2006) Cocaine Socialism
48%
Intro – The Gift Recordings(1993) O.U.
48%
His 'n' Hers(1994) Happy Endings
47%
This Is Hardcore(1998) Seductive Barry
47%
Separations(1992) Separations
47%
Separations(1992) Countdown
45%
This Is Hardcore(1998) Glory Days
45%
This Is Hardcore(1998) I'm a Man
45%
Freaks(1987) Anorexic Beauty
43%
Separations(Bonus)(2012) Death Comes to Town
42%
Separations(1992) Death II
42%
Intro – The Gift Recordings(1993) Inside Susan
42%
Masters of the Universe(1994) Little Girl (With Blue Eyes)
42%
It(1983) Love Love
42%
This Is Hardcore(1998) The Day After the Revolution
42%
It(1983) Blue Girls
41%
This Is Hardcore(1998) TV Movie
40%
We Love Life(2001) Wickerman
40%
Intro – The Gift Recordings(1993) Sheffield: Sex City
39%
Separations(Bonus)(2012) Death Goes to the Disco
38%
We Love Life(2001) I Love Life
38%
His 'n' Hers(Bonus)(1994) The Boss
38%
Different Class(Bonus)(2006) Ansaphone
37%
Intro – The Gift Recordings(1993) Space
37%
We Love Life(2001) The Birds in Your Garden
37%
Intro – The Gift Recordings(1993) 59 Lyndhurst Grove
36%
Non-Album(2013) After You
36%
Freaks(1987) Being Followed Home
36%
It(1983) Boats and Trains
36%
We Love Life(2001) Bob Lind (The Only Way Is Down)
36%
Separations(1992) Love Is Blind
36%
His 'n' Hers(Bonus)(1994) The Babysitter
36%
We Love Life(2001) The Night That Minnie Timperley Died
36%
This Is Hardcore(Bonus)(1998) The Professional
36%
Freaks(1987) Fairground
35%
Intro – The Gift Recordings(1993) Stacks
35%
His 'n' Hers(Bonus)(1994) Street Lites
35%
His 'n' Hers(Bonus)(1994) Deep Fried in Kelvin
34%
Masters of the Universe(1994) Dogs Are Everywhere
34%
This Is Hardcore(Bonus)(2006) Can I Have My Balls Back, Please?
33%
Separations(1992) This House is Condemned
32%
It(1983) Wishful Thinking
32%
Separations(1992) Don't You Want Me Anymore?
31%
Hits(2002) Last Day of the Miners' Strike
31%
His 'n' Hers(Bonus)(1994) Watching Nicky
31%
Different Class(Bonus)(2006) We Can Dance Again
31%
Freaks(1987) Master of the Universe
30%
Freaks(1987) | Masters of the Universe(1994) They Suffocate at Night
30%
Different Class(Bonus)(2006) Paula
29%
Separations(1992) She's Dead
29%
His 'n' Hers(Bonus)(1994) Frightened
28%
We Love Life(2001) Roadkill
28%
We Love Life(2001) Weeds II (The Origin of the Species)
28%
Different Class(Bonus)(2006) Catcliffe Shakedown
27%
Separations(1992) Down by the River
27%
His 'n' Hers(Bonus)(1994) Live On
27%
This Is Hardcore(Bonus)(2006) My Erection
27%
His 'n' Hers(Bonus)(1994) You're a Nightmare
27%
Freaks(1987) Don't You Know
26%
This Is Hardcore(Bonus)(2006) Street Operator
26%
Masters of the Universe(1994) Blue Glow
25%
Separations(Bonus)(2012) Is This House?
25%
It(1983) Joking Aside
25%
This Is Hardcore(Bonus)(2006) Modern Marriage
25%
His 'n' Hers(Bonus)(1994) You're Not Blind
25%
Different Class(Bonus)(2006) Don't Lose It
24%
Masters of the Universe(1994) Tunnel
24%
Masters of the Universe(1994) 97 Lovers
23%
It(Bonus)(1994) Looking for Life
23%
Masters of the Universe(1994) Manon
23%
Freaks(1987) There's No Emotion
23%
It(1983) In Many Ways
22%
This Is Hardcore(Bonus)(1998) Laughing Boy
22%
Masters of the Universe(1994) Aborigine
21%
Freaks(1987) Life Must Be So Wonderful
20%
This Is Hardcore(Bonus)(2006) Ladies' Man
19%
Masters of the Universe(1994) Simultaneous
19%
Masters of the Universe(1994) The Will to Power
19%
This Is Hardcore(Bonus)(1998) Tomorrow Never Lies
19%
This Is Hardcore(Bonus)(2006) We Are the Boyz
19%
Masters of the Universe(1994) The Mark of the Devil
18%
Freaks(1987) The Never-Ending Story
18%
This Is Hardcore(Bonus)(2006) You Are the One
18%
Non-Album(1983) Everybody's Problem
17%
We Love Life(Bonus)(2001) Yesterday
17%
Masters of the Universe(1994) Goodnight
16%
Intro – The Gift Recordings(1993) Styloroc (Nites of Suburbia)
16%
We Love Life(Bonus)(2001) Forever in My Dreams
15%
This Is Hardcore(Bonus)(2006) It's a Dirty World
15%
It(Bonus)(2012) Please Don't Worry
15%
It(Bonus)(2012) Sink or Swim
14%
The Peel Sessions(2006) Refuse to Be Blind
11%
The Peel Sessions(2006) Turkey Mambo Momma
10%
The Peel Sessions(2006) Duck Diving
8%
No matching quizzes found
Score Distribution
Percent of People with Each Score
Percentile by Number Answered
Your Score History
You have not taken this quiz